000 01047nam a22002897a 4500
001 06135
003 HDC
007 cr bn ---aaaaa
008 210123b19991999xxu||||| |||| 00| 0 eng d
020 _a9780824702229
040 _aHDC
100 _aFried, Bernard
_eauthor
_96450
245 0 _a Pharmaceuticals
_c/ Bernard Fried, Joseph Sherma
260 _aUnited States:
_bCRC Press,
_c1999
300 _a1 online resource (18 pages):
_billustrations
336 _atext
_2rdacontent
337 _acomputer
_2rdamedia
338 _aonline resource
_2rdacarrier
500 _aOriginally from: Thin-layer chromatography, Revised And Expanded, 1999
_aIncludes bibliographical references
650 _aDrug industry
_96170
650 _aPharmaceutical industry
_9799
700 _aSherma, Joseph
_eauthor
_96451
856 _zRequest full-text at [email protected]
942 _2lcc
942 _cCHAP
942 _kEBCH 004211
999 _c3459
_d3459